| 000 | 01065nam a2200241 a 4500 | ||
|---|---|---|---|
| 008 | |||
| 020 | _a9783598220449 | ||
| 049 | _aMAIN | ||
| 090 |
_aZ682 _bSTR |
||
| 245 | 0 |
_aStrategies for regenerating the library and information professions : _bEighth World Conference on continuing professional development and workplace learning for the library and information professions [from] 18-20 August 2009, Bologna, Italy / _cedited by Jana Varlejs and Graham Walton. |
|
| 246 | _aEighth World Conference on continuing professional development and workplace learning for the library and information professions [from] 18-20 August 2009, Bologna, Italy. | ||
| 300 |
_a415 p. ; _c22 cm. |
||
| 440 | _aIFLA Publications 139. | ||
| 504 | _aIncludes bibliographical references. | ||
| 650 | 1 | _aLibrary and information professions. | |
| 700 | _aWalton, Graham. | ||
| 700 | _aVarlejs, Jana. | ||
| 907 |
_a.b10272434 _b05-02-10 _c04-02-10 |
||
| 003 | |||
| 005 | 20230123125006.0 | ||
| 040 | _cNUST | ||
| 942 |
_cBOOKS _kZ682 _mSTR |
||
| 999 |
_c133826 _d133826 |
||